000 00594cam a2200193 a 4500
001 000005160
005 20200929151609.0
008 880610s1986 sp a 001 f spa
020 _a8420690538
040 _aDO-SdBNP
_cDLC
_dDLC
082 _a863.64
_bS211t
100 1 _aSánchez Ferlosio, Rafael,
_d1927-
_914762
245 1 3 _aEl testimonio de Yarfoz /
_cRafael Sánchez Ferlosio.
260 _aMadrid :
_bAlianza,
_c1986.
300 _a334 p. :
_bil. ;
_c20 cm.
650 4 _aNovela española
_91123
650 4 _aLiteratura española
_ySIGLO XX
_93326
910 _aCatalogación por copia / LC
999 _c4963
_d4963